Представление документа в формате MARC21

ПолеНазваниеЗначение
  Тип записи a
  Библиографический уровень m
001 Контрольный номер RU/URAIT/583891
005 Дата корректировки 20260429163618.9
008 Кодируемые данные 260429s2026 RU y f j 000 0 rus u
020 Индекс ISBN __
a ISBN 978-5-534-08998-1
c Цена, тираж 1649.00
040 Источник каталогиз. __
a Служба первич. каталог. ИКО Юрайт
c Служба, преобразующая запись ИКО Юрайт
e Правила каталог. RCR
041 Код языка издания __
a Код языка текста rus
044 Код страны публикации __
a Код страны публикации RU
080 Индекс УДК __
a Индекс УДК 008(075.8)
084 Индекс другой классификации/Индекс ББК __
2 Источник индекса rubbk
a Индекс другой классификации/Индекс ББК 71я73
100 Автор __
a Автор Мамонтов А. С.
q Полное имя Мамонтов Александр Степанович
245 Заглавие __
a Заглавие Культурология
b Продолж. заглавия учебник для вузов
c Ответственность под редакцией А. С. Мамонтова.
250 Сведения об издании __
g испр. и доп
a Основные сведения об издании 2-е изд.
256 Характеристики компьютерного файла __
a Характеристики компьютерного файла Электрон. дан.
260 Выходные данные __
a Место издания Москва
b Издательство Юрайт
c Дата издания 2026
300 Физическое описание __
a Объем 307 с
440 Серия __
a Серия Высшее образование
500 Примечания __
a Примечание URL: https://urait.ru/bcode/583891 (дата обращения: 29.04.2026).
520 Аннотация __
a Аннотация Предлагаемый учебник представляет собой развернутый курс по дисциплине «Культурология», прошедший многолетнюю апробацию в различных аудиториях учащихся высшей школы. Учебник предлагает читателю своего рода ориентиры в в далеко еще не устоявшихся понятиях теории и истории культуры на основе обращения к гуманитарным, философским, историческим, психологическим, этнографическим, антропологическим, социологическим, лингвистическим знаниям, а также знаниям из естественных наук. При этом культура рассматривается диахронно, в пространственно-временном континууме, в неразрывной связи с природой, искусством, религией, политикой и языком. Особое внимание уделено культуре России с ее духовностью и самобытностью и в то же время с ее неповторимым местом в мировом культурном процессе.
538 Прим. о системных особенностях __
a Прим. о системных особенностях Режим доступа: Электронно-библиотечная система Юрайт, для авториз. пользователей
653 Ключевые слова __
a Ключевые слова Культура. Культурология
653 Ключевые слова __
a Ключевые слова Гуманитарные науки
653 Ключевые слова __
a Ключевые слова Культурология
653 Ключевые слова __
a Ключевые слова Культурология (включая религиоведение и культурологические основы СМИ)
653 Ключевые слова __
a Ключевые слова Основы культурологии
653 Ключевые слова __
a Ключевые слова Введение в культурологию
653 Ключевые слова __
a Ключевые слова Культуроведение. Общие вопросы
700 Другие авторы __
a Другие авторы Морослин П. В.
q Полное имя Морослин Петр Васильевич
700 Другие авторы __
a Другие авторы Мамонтов С. П.
q Полное имя Мамонтов Степан Петрович
700 Другие авторы __
a Другие авторы Григорьев Н. Ю.
q Полное имя Григорьев Николай Юрьевич
856 Электронный адрес документа 40
n Местонахождение сервера Юрайт
g Электронная книга
q Тип электронного формата html
h Имя пользователя ЮРАЙТ
v Часы доступа к ресурсу 20271231
2 Способ доступа Показать документ
x Служебное примечание https://urait.ru/book/cover/47B55948-C297-4E9F-9733-35B314188DDD
u URL https://urait.ru/bcode/583891
856 Электронный адрес документа 48
q Тип электронного формата cover
u URL https://urait.ru/book/cover/47B55948-C297-4E9F-9733-35B314188DDD
911 __
u 0030=https://urait.ru/bcode/583891
911 __
u 073a=9785534089981
u 073d=1649.00
911 __
u 106a=s
911 __
u 900l=
952 Тип литературы __
i Дисциплина Культурология
952 Тип литературы __
i Дисциплина Культурология (включая религиоведение и культурологические основы СМИ)
952 Тип литературы __
i Дисциплина Основы культурологии
952 Тип литературы __
i Дисциплина Введение в культурологию
952 Тип литературы __
i Дисциплина Культуроведение. Общие вопросы